Elementos para la incorporación de la biodiversidad en los planes y esquemas de ordenamiento territorial (Registro nro. 6300)
[ vista simple ]
| 000 -CABECERA | |
|---|---|
| Campo de control | 02053nam a2200265 a 4500 |
| 005 - FECHA Y HORA DE LA ULTIMA TRANSACCION | |
| Campo de control | 20150429020003.0 |
| 008 - ELEMENTOS DE LONGITUD FIJA—INFORMACION GENERAL | |
| Campo de control | 131118b2006 ck ||||| |||| 00| 0 spa d |
| 020 ## - ISBN | |
| ISBN | 9789588323022 |
| 040 ## - FUENTE DE CATALOGACIÓN | |
| Agencia catalogadora original | CO-BoIAVH |
| Agencia transcriptora | CO-BoIAVH |
| 041 ## - IDIOMA | |
| Código de idioma para texto/pista de sonido o título separado | Español |
| 044 ## - PAÍS DE PUBLICACIÓN | |
| País de publicación | Colombia |
| 082 ## - NUMERO DE CLASIFICACION DECIMAL DEWEY | |
| Número de clasificación | 333.720 |
| 090 ## - CLASIFICACIÓN LOCAL | |
| Colección | IAVH |
| Consecutivo | 307.1286 H91e |
| 100 1# - ASIENTO PRINCIPAL--NOMBRE PERSONAL | |
| Nombre personal | Baptiste-Ballera, Luis Guillermo |
| 245 1# - MENCION DE TITULO | |
| Título | Elementos para la incorporación de la biodiversidad en los planes y esquemas de ordenamiento territorial |
| Mención de responsabilidad | Luis Guillermo Baptiste Ballera...[et al]. |
| 260 ## - PUBLICACION, DISTRIBUCION, ETC. (PIE DE IMPRENTA) | |
| Lugar de publicación, distribución, etc. | Bogotá |
| Nombre del editor, distribuidor, etc. | Instituto de Investigación de Recursos Biológicos Alexander Von Humboldt |
| -- | IGAC |
| Fecha de publicación, distribución, etc. | 2006 |
| 300 ## - DESCRIPCION FISICA | |
| Extensión | 99 p. |
| Otros detalles físicos | il. |
| Dimensiones | 28 cm. |
| 504 ## - NOTA DE BIBLIOGRAFIA, ETC. | |
| Nota de bibliografía | Incluye Bibliografía (p. 93-97) |
| 520 ## - NOTA DE RESUMEN, ETC. | |
| Nota de resumen | El presente documento constituye una propuesta metodológica para incorporar criterios de conservación y manejo sostenible de la biodiversidad dentro del proceso de ordenamiento territorial de los municipios colombianos donde predomina una lógica rural y por tanto existen múltiples oportunidades para ello. El texto está estructurado en varias secciones independientes, de manera que pueda ser utilizado libremente tanto con fines de discusión teórica como de aplicación práctica: 1. Lineamientos teórico para la inclusión de biodiversidad en el proceso de ordenamiento territorial municipal; 2. Manual para la inclusión de la biodiversidad en el proceso de ordenamiento territorial, que ilustra con ejemplos la forma de trabajar con las tres guías que le suceden; 3. Instructivos que contienen la guía la recuperación del conocimiento local de la biodiversidad municipal; la guía para la recuperación del conociendo externo de la biodiversidad municipal; y la guía para la construcción de una propuesta de Estructura Ecológica Municipal |
| 650 17 - ASIENTO SECUNDARIO DE MATERIA - TERMINO TEMATICO | |
| Término temático o nombre geográfico como elemento de entrada | Ordenamiento territorial |
| Subdivisión geográfica | Colombia |
| 650 17 - ASIENTO SECUNDARIO DE MATERIA - TERMINO TEMATICO | |
| Término temático o nombre geográfico como elemento de entrada | Diversidad biológica |
| Subdivisión geográfica | Colombia |
| 650 17 - ASIENTO SECUNDARIO DE MATERIA - TERMINO TEMATICO | |
| Término temático o nombre geográfico como elemento de entrada | planes de ordenamiento territorial |
| 650 17 - ASIENTO SECUNDARIO DE MATERIA - TERMINO TEMATICO | |
| Término temático o nombre geográfico como elemento de entrada | Esquemas de ordenamiento territorial |
| 942 ## - ELEMENTOS ADICIONALES (KOHA) | |
| Tipo de ítem | Libro |
| Sistema de clasificación | Dewey Decimal Classification |
| Koha issues (borrowed), all copies | 4 |
| Withdrawn status | Lost status | Sistema de Clasificación | Damaged status | No para préstamo | Colección | Ubicación Permanente | Ubicación actual | Fecha de adquisición | Fuente de Valor | Total Checkouts | Número topográfico | Inventario / Código de Barras | Date last seen | Ejemplar | Price effective from | Tipo de material | Inventariado | Valor | Date checked out | Forma de adquisición | Total Renewals |
|---|---|---|---|---|---|---|---|---|---|---|---|---|---|---|---|---|---|---|---|---|---|
| Local | Humboldt | Bogotá | Bogotá | 17/06/2008 | Instituto | 2 | IAVH-307.1286 H19e | 029520 | 15/03/2016 | Ej. 1 | 04/12/2012 | Libro | Inventariado 2017 | 30000.00 | 28/04/2015 | Institucional | |||||
| Local | Humboldt | Bogotá | Bogotá | 17/06/2008 | Instituto | 1 | IAVH-307.1286 H19e | 025305 | 19/03/2015 | Ej. 2 | 04/12/2012 | Libro | Inventariado 2017 | 30000.00 | 19/03/2015 | Institucional | |||||
| Local | Humboldt | Bogotá | Bogotá | 18/07/2014 | Instituto | 1 | IAVH-307.1286 H19e | 026055 | 23/05/2014 | Ej. 3 | 04/12/2012 | Libro | Inventariado 2017 | 30000.00 | 04/12/2013 | Institucional | 1 | ||||
| Local | Humboldt | Bogotá | Bogotá | 05/12/2013 | IAVH-307.1286 H19e | 059614 | 09/08/2024 | Ej. 1 | 05/12/2013 | Informe Técnico | Inventariado 2017 | Institucional | |||||||||
| Local | Humboldt | Villa de Leyva | Villa de Leyva | 17/06/2008 | CID Humboldt | IAVH-00993 | 025302 | 04/12/2012 | Ej. 1 | 04/12/2012 | Libro | ||||||||||
| Local | Referencia | Villa de Leyva | Villa de Leyva | 17/06/2008 | CID Humboldt | IAVH-00993 | 025303 | 04/12/2012 | Ej. 2 | 04/12/2012 | Libro |